000 00309nam a2200121Ia 4500
008 220216s9999 xx 000 0 und d
100 _aAhmadDatuk Dr Salmiah
245 0 _aMalaysias fast track strategy for rubber
260 _bRubber Asia
_c2013
300 _a58-59
650 _aNatural rubber
942 _cJS
999 _c62408
_d62408